000 00908cam a2200277 i 4500
001 1351657505
003 OSt
005 20250904121445.0
008 221125s2022 sz a ob 001 0 eng d
020 _a9783030967444 (Hardcover)
024 7 _cUSD 59.00
040 _aYDX
_beng
_erda
_cYDX
_dNUST
050 4 _aQ360 DIT
100 1 _aDittrich, Thomas
_eAuthor
245 1 0 _aInformation dynamics :
_bin classical and quantum systems /
_cThomas Dittrich.
260 _aCham, Switzerland :
_bSpringer,
_c©2022.
300 _axv, 557 pages :
_bIllustrations ;
_c24 cm.
336 _atext
_btxt
_2rdacontent
337 _aunmediated
_bn
_2rdamedia
338 _avolume
_bnc
_2rdacarrier
440 _aFrontiers collection.
504 _aIncludes bibliographical references and index.
650 0 _aInformation theory.
650 0 _aQuantum systems.
942 _2lcc
_cBOOKS
_hQ360 DIT
_kQ
_mDIT
_n0
999 _c172341
_d172341